|
ห้องสมุด วิทยาลัยพยาบาลบรมราชชนนี อุดรธานี
Boromarajonani College of Nursing, Udonthani
|


|
mysqli: Table './ulib2015/stat_globaluid' is marked as crashed and last (automatic?) repair failed
select id from stat_globaluid where statuid='20260419124622_1572'
mysqli: Table './ulib2015/stat_globaluid' is marked as crashed and last (automatic?) repair failed
DELETE FROM stat_globaluid
WHERE id NOT IN (
SELECT id
FROM (
SELECT id
FROM stat_globaluid
ORDER BY id DESC
LIMIT 100
) foo
);
mysqli: Table './ulib2015/stat_globaluid' is marked as crashed and last (automatic?) repair failed
insert into stat_globaluid set
statuid='20260419124622_1572',
dt='1776577582',
phpself='/ULIB/dublinfull.php',
agent='Mozilla/5.0 AppleWebKit/537.36 (KHTML, like Gecko; compatible; ClaudeBot/1.0; +claudebot@anthropic.com)',
yea='2026',
mon='4',
dat='19',
ip='216.73.216.142'
| LEADER 00674nam 2200229 a 4500 |
| 001 12171 |
| 003 ULIBM |
| 008 040811s2541 th m a001 0 tha d |
| 050 4 ^aBF^bก677พ 2541
|
| 245 10 ^aพลังแห่งความเป็นตัวของตัวเองและวิธีสร้างความมั่นใจ/^cกิตติมา อมรทัต
|
| 250 ^aพิมพ์ครั้งที่ 5.
|
| 260 ^aกรุงเทพฯ:^bสร้างสรรค์บุ๊คส์,^c2541
|
| 300 ^a 97 หน้า.
|
| 650 7 ^aพลังแห่งความเป็นตัวของตัวเองและวิธีสร้างความมั่นใจ
|
| 945 ^p0^l0^i11328
|
| 945 ^p0^l0^i11329 |
| 999 ^aลิขิตลักษณ์
|
| คุณยังไม่ได้ล็อกอิน คุณสามารถมีกิจกรรมร่วมกับเว็บไซต์ได้ แต่ต้องล็อกอินก่อน :: |
|
| ลำดับที่ |
ประเภท |
เลขเรียก/บาร์โค้ด |
สถานที่ |
สถานะ |
| 1. |
 หนังสือการพยาบาล | BF ก677พ 2541 Barcode: 11328 | หนังสือทั่วไป | On Shelf |
| 2. |
 หนังสือการพยาบาล | BF ก677พ 2541 ฉ.2 Barcode: 11329 | หนังสือทั่วไป | On Shelf |
| [แสดง 2/2 รายการ] |
mysqli: Can't create/write to file '/var/tmp/#sql_59d_0.MAI' (Errcode: 2)
select * from index_db where titl like '%พลังแห่งความเป็นตัวของตัวเองและวิธีสร้างความมั่นใจ/ กิตติมา อมรทัต%' and mid<>'12171' order by rand() limit 3
mysqli: Can't create/write to file '/var/tmp/#sql_59d_0.MAI' (Errcode: 2)
select * from index_db where subj like '%พลังแห่งความเป็นตัวของตัวเองและวิธีสร้างความมั่นใจ%' and mid<>'12171' order by rand() limit 3
|
ยังไม่เคยถูกคอมเมนท์
|
| คอมเมนท์ทรัพยากรรายการนี้ |
|